000 00427cam a2200169 a 4500
001 4392390
005 20231128003321.0
008 911017s1991 ii b 000 0 eng
040 _aDLC
_cDLC
_dDLC
082 _222
_a305.4
_bUPA.
100 1 _aUpadhyay, H. C.
245 1 0 _aStatus of women in India /
_cH.C. Upadhyay.
260 _aNew Delhi :
_bAnmol Publications,
_c1991.
300 _aV, 280 p.
650 0 _aWomen
942 _cL
999 _c94
_d94